Statystyki dla Wszystkie piosenki - White Widow

Kliknij tutaj aby rozwiązać quiz!

Ogólne statystyki

  • Ten quiz został rozwiązany 417 razy
    (277 od ostatniego zresetowania)
  • Średni wynik to 19 z 36

Statystyki odpowiedzi

HintOdpowiedź% Poprawnych
Nowy Drip EPDRIP
88%
PARĘ GŁÓW DALEJPARĘ GŁÓW DALEJ
82%
WEBIDEMICRIP KING VON
75%
PARĘ GŁÓW DALEJBEEF
73%
PARĘ GŁÓW DALEJRIDE WITH MY BOYS
73%
WEBIDEMICTEAM
67%
PARĘ GŁÓW DALEJBŁĄD W SYMULACJI (feat. Pako)
64%
PARĘ GŁÓW DALEJGEST
64%
WEBIDEMICDIEGO
63%
PARĘ GŁÓW DALEJTEMPO (feat. GUGU GANG)
61%
WEBIDEMICCLICK CLACK
60%
PARĘ GŁÓW DALEJCOOKIN UP
60%
PARĘ GŁÓW DALEJLOLLIPOP (feat. vkie & Astrogxral)
59%
WEBIDEMICAIRBNB (feat. lil wnyk & vkie)
57%
PARĘ GŁÓW DALEJBEJ ANTHEM (feat. vkie)
57%
PARĘ GŁÓW DALEJPOMOC (feat. Rusina)
56%
PARĘ GŁÓW DALEJMELODRAMAT
52%
PARĘ GŁÓW DALEJTRAP LUV
52%
WEBIDEMICBENIHANA
51%
WEBIDEMICBALLIN OUT
50%
PARĘ GŁÓW DALEJTRUP (feat. 49yB)
50%
PARĘ GŁÓW DALEJWSZYSTKO CO NOWE
50%
WEBIDEMICINTRODEMIC
48%
WEBIDEMICDROPTOPBENZ (feat. LulKartel)
46%
PARĘ GŁÓW DALEJWIEM TO
45%
WEBIDEMICDYSTANS
44%
PARĘ GŁÓW DALEJPRIMAL
44%
WEBIDEMICPLUG 2 (feat. ORDINESOUND & lil wnyk)
41%
WEBIDEMICWE READY (feat. Yung Adisz)
41%
WEBIDEMICDOBRZE O TYM WIESZ (feat. Gottastral)
37%
WEBIDEMICDOPE BOY (feat. SD)
37%
Nowy Drip EPVVS (feat. Buffel)
36%
Nowy Drip EPWIRUS
35%
Nowy Drip EPMONEY DANCE
34%
Nowy Drip EPEARLY MORNIN TRAPPIN (Intro)
28%
WEBIDEMICNO FASE NO CASE
12%

Rozkład punktacji

Percentyl według liczby udzielonych odpowiedzi

Procent ludzi z każdym wynikiem

Twoja historia wyników

Nie rozwiązałeś tego quizu od ostatniego zresetowania